MDQL
is popping MORE tags! Check the
thread
!
Quizzes
Events
Quiz Creation
Community
Videos
Private Events
Remove Ads
Sign In
Join for FREE
Feedback
Dark Mode
Quiz Categories
Sports
Geography
Music
Movies
Television
Just For Fun
Miscellaneous
History
Literature
Language
Science
Gaming
Entertainment
Religion
Holiday
For Kids
Quiz Lab
Recent
Popular Today
Quiz Kudos Today
Editor Picks
Curator Picks
Quizzes by...
Day
Popularity
Type
Ratings
Length
Year
Community
Subscriptions
Recent Discussions
Orange Saloon
Badges
Playlists
Quests
Create
Leaderboards
Showdown
Live 5
Trivia Bingo
Activity
Puzzle Library
Sporcle Events
Private Events
Virtual Trivia
Globe League
Become a Host
Pub Owners
SporcleCon
Opinionation
Our Games
Videos
Blog
Mobile Apps
Partnerships
Remove Ads and Go Orange
Feedback
Science
Computer
Plants
Astronomy
Chemistry
Elements
Math
Animal
Physics
Anatomy
Biology
Geology
General Science
Science
Computer
Plants
Astronomy
Chemistry
Elements
Math
Animal
Physics
Anatomy
Biology
Geology
General Science
Random Quiz
Search Sporcle
×
Quiz Lab
Quiz Lab
Science
Clickable
Select answers by clicking on text or image buttons
Select answers by clicking on text or image buttons
Clickable
Best Score? Go Orange.
Druggos Stats
Can you pick the Druggos?
By
adithyakan
20m
108 Questions
64 Plays
64 Plays
64 Plays
Comments
Comments
Give Quiz Kudos
Give Quiz Kudos
-
- Ratings
hide this ad
Forced Order
Answers have to be entered in order
Answers have to be entered in order
Random Order
Randomize order of answers
Randomize order of answers
Replay
Link that replays current quiz
Next Quiz
Link to next quiz in quiz playlist
You Got
0%
They Got
Avg Score
28%
Avg Friend Score
Upgrade to see
Score Distribution
Jump to the score distribution portion of the page
Score
0/108
Timer
20:00
0
Plays Today
% Correct
Mast cell stabilizer (bings IgE)
77.8%
Indirect sympathomimetic
71.4%
Muscarinic agonist
71.4%
Muscarinic agonist
71.4%
Nicotinic blocker
71.4%
Angiotensin receptor blockers
71.4%
Aldosterone antagonist in collecting duct
71.4%
COX inhibitor
71.4%
Prostaglandin binds EP3
71.4%
Polysaccharide that coats stomach mucosa
71.4%
Loop of Henle (NaKCl2 Triple Co-transporter) inhiibitor
71.4%
Ca2+ channel blocker
66.7%
Indirect sympathomimetic
64.3%
α2 agonist
64.3%
β agonist
64.3%
α1 agonist
64.3%
β1 blocker
64.3%
DOPA decarboxylase
64.3%
β1 blocker, NO release
64.3%
α1 blocker
64.3%
Inhibits VMAT (irreversible)
64.3%
Organophosphate inactivated acetylcholinesterase rescue
64.3%
Renin inhibitors
64.3%
COX inhibitor
64.3%
COX inhibitor
64.3%
H2 antagonist
64.3%
H2 antagonist
64.3%
H+ and K+ ATPase Blocker
64.3%
Proximal tubule carbonic anhydrase inhibitor
64.3%
Distal convoluted tubule NaCl cotransporter inhibitor
64.3%
Distal convoluted tubule NaCl cotransporter inhibitor
64.3%
α2 agonist
57.1%
α, β agonist
57.1%
α1 , α2 , β1 agonist
57.1%
α1 , β blocker
57.1%
α2 blocker
57.1%
% Correct
Nicotinic agonist, depolarizing blocker
57.1%
Blocks exocytosis at cholinergic synapses
57.1%
β1 blocker
57.1%
Vasodilators
57.1%
ACE inihibitors
57.1%
COX inhibitor
57.1%
COX inhibitor (irreversible)
57.1%
Leukotriene receptor antagonist
57.1%
Leukotriene receptor antagonist
57.1%
Binds H+
57.1%
Cation exchange resin beads
57.1%
Cation exchange resin beads
57.1%
Loop of Henle (NaKCl2 Triple Co-transporter) inhiibitor
57.1%
Distal convoluted tubule NaCl cotransporter inhibitor
57.1%
β2 agonist (long-acting)
55.6%
β2 agonist (long-acting)
55.6%
Na+ channel blocker 1A
55.6%
α, β agonist
50%
Tyrosine hydroxylase
50%
Non-selective α blocker (irreversible)
50%
Non-selective α blocker
50%
Non-selective β blocker (short acting)
50%
Acetylcholinesterase inhibitor (irreversible)
50%
Muscarinic antagonist
50%
Nicotinic blocker
50%
Vasodilators
50%
ACE inihibitors
50%
Aldosterone antagonist in collecting duct
50%
COX inhibitor
50%
H2 antagonist
50%
H2 antagonist
50%
Loop of Henle (NaKCl2 Triple Co-transporter) inhiibitor
50%
Distal convoluted tubule NaCl cotransporter inhibitor
50%
Distal convoluted tubule NaCl cotransporter inhibitor
50%
Epithelial Na Channel blocker in the collecting duct
50%
Osmotic agent for extreme emergency
50%
% Correct
Vasopressin V2 antagonist
50%
Na+ channel blocker 1A
44.4%
Na+ channel blocker 1B
44.4%
Na+ channel blocker 1B
44.4%
Na+ channel blocker 1C
44.4%
β2 agonist (short-acting)
42.9%
Inhibit NET
42.9%
β2 agonist (short-acting)
42.9%
Non-selective β blocker (partial agonist)
42.9%
Non-selective β blocker
42.9%
Acetycholinesterase inhibitor (reversible)
42.9%
Muscarinic antagonist
42.9%
Nicotinic blocker
42.9%
β1 blocker
42.9%
Vasodilators
42.9%
Leukotriene receptor antagonist
42.9%
H+ and K+ ATPase Blocker
42.9%
H+ and K+ ATPase Blocker
42.9%
Acidifies the bowel to capture NH3
42.9%
Epithelial Na Channel blocker in the collecting duct
42.9%
Vasopressin V2 antagonist
42.9%
COX inhibitor
42.9%
Acetycholinesterase inhibitor (long acting)
35.7%
Nicotinic blocker
35.7%
H+ and K+ ATPase Blocker
35.7%
H+ and K+ ATPase blocker at the K+ site
35.7%
Osmotic agent to draw water into the bowel
35.7%
inhaled corticosteroid
33.3%
Antihistamine
33.3%
β2 agonist (ultra long-acting)
22.2%
Mast cell stabilizer
22.2%
Muscarinic antagonist (long-acting)
22.2%
Prolongs APD
22.2%
Acetycholinesterase inhibitor (long acting)
21.4%
Muscarinic antagonist (short-acting)
21.4%
Antihistamine
11.1%
Quiz Playlist
Details
Report
Send in Message
Add To Playlist
Clickable:
Select answers by clicking on text or image buttons
Forced Order:
Answers have to be entered in order
Random Order:
Randomize order of answers
Last Updated: Oct 25, 2019
Quiz Scoreboard
CHALLENGE
Sign Up to Join the Scoreboard
Show All
Scores
Hide
Comments
May contain spoilers
Recently Published
Colored Red Africa Blitz
by spor1
Geography
30s
Find the 'City' Movie
by crazypaving
Movies
60s
5x2 Blitz: Bands
by SL_Kpop136
Music
30s
More to Explore
Quiz From the Vault
Featured Blog Post
14 Easter Pick-up Lines to Find Eggs With
hide this ad
You Might Also Like...
Tags
Clickable Quiz
Today's Top Quizzes in Science
Browse Science
hide this ad
Today's Top Quizzes in Clickable
Browse Clickable
Top Contributed Quizzes in Science
1
Windmill: Elements
2
17 TIMES TABLE
3
Glycolysis
4
Square Numbers Scrambled (1-50)
5
Astronomy Spelling Bee
6
'C' Flowers II
7
Vet Tech Pharmacology Drug Contraindications
8
Missing Vowel Minefield: Lanthanides
9
Sorting Squares: Animals by Continent
10
3-letter Elementary Words
Explore More
Trending Topics
Disney
Anime
NBA
Kpop
Marvel
Crossword
Harry Potter
Country
Soccer
NFL
Pokémon
The Office
Puzzle
Song
WWE
hide this ad
More By:
adithyakan
Quiz
Plays
Rating
Category
Featured
Created
basal ganglia
261
Science
Jan 23, 2020
Face Muscles
139
Science
Nov 15, 2019
cytokines
79
Science
Dec 22, 2019
Druggos
64
Science
Oct 2, 2019
Anti hypertensives
42
Science
Oct 23, 2019
Go to Creator's Profile
Score Distribution
Quiz Creator Spotlight
adithyakan
Follow
Send a Message
Quizzes Created
-
Created Quiz Play Count
-
More By This Creator
Popular Quizzes Today
1
Colored Red Africa Blitz
2
Find the 'City' Movie
3
5x2 Blitz: Bands
4
Find the US States - No Outlines Minefield
5
The Countries of the World
6
Find the US States
7
US States
8
Find the Countries of Europe - No Outlines Minefield
More Science Quizzes
Bony Triplets
Published
Trending Quizzes
Colored Red Europe Blitz I
Colored Red Europe Blitz II
Colored Red Africa Blitz II
Colored Red Europe Blitz III
Colored Red Africa Blitz III
Recently Updated
How Do You Spell That?
pecheneg
Godzilla Movies
pecheneg
Grab Bag: 4-10 Letters
pecheneg
2024 March Madness Bracket
pecheneg
Famous TV Couples
Peacemaker
Champions League XIs: Real Madrid
pecheneg
Largest US Cities 1790-2010
pecheneg
Rides in Walt Disney World
pecheneg
Most Oscar Losses (Acting)
pecheneg
Beyoncé Albums
pecheneg
Trending Topics
Kpop
Crossword
NBA
Harry Potter
Marvel
Disney
Anime
WWE
The Office
Pokémon
NFL
Country
Soccer
Song
Puzzle
Your Account Isn't Verified!
In order to create a playlist on Sporcle, you need to verify the email address you used during registration. Go to your
Sporcle Settings
to finish the process.
Report this User
Report this user for behavior that violates our
Community Guidelines
.
Details:
Send Report
Go to the Sporcle.com Mobile Site →
Comments